000 01227nam a22003257a 4500
003 CHAP
005 20220329143640.0
008 101117s2008 mx r 00010 spa d
010 _a99832
011 _a100804
020 _a9789709594591
035 _a111490
040 _cCHAP
090 _aFolleto 17852
100 0 0 _aMendoza Castelán, Guillermo.
_974621
245 1 0 _aCongreso y expo herbolaria nacional de medicina tradicional y complementarias (3er)
_c/ por Guillermo Mendoza Castelán
260 _aChapingo, Méx. :
_bUACH. Departamento de Fitotecnia. Programa Universitario de Medicina Tradicional y Terapeutica Naturista, Programa Universitario de Horticultura Ornamental
_c2008
300 _a26 p.
500 _aFolleto para el tercer congreso
590 _aBATCH-UPD
_b10
_c20130110
_lUCH01
_h1711
590 _aBATCH-UPD
_b10
_c20130410
_lUCH01
_h1057
590 _aBATCH-UPD
_b10
_c20130914
_lUCH01
_h0747
590 _aCONVERSION
_b10
_c20130109
_lUCH01
_h1355
650 1 4 _aBotánica médica
_xCongresos.
_914682
650 1 4 _aMedicina alternativa.
_973914
650 1 4 _aMedicina tradicional.
_973921
901 _aBK
942 _cFOLL
949 _aFolleto 17852
_bBC
_cUACH
_d33724002107040
_eUACH
_i111490
_sb
999 _c99832
_d99832